| 000 | 00407nam a2200181Ia 4500 | ||
|---|---|---|---|
| 005 | 20250423100417.0 | ||
| 008 | 250422s9999 xx 000 0 und d | ||
| 020 | _a81-219-0281-9 | ||
| 050 | _aT 57.6 .G87/ | ||
| 100 | _aGupta, Prem Kumar | ||
| 245 | 0 | _aOperations research | |
| 260 | _aNew Delhi | ||
| 260 | _bS.Chand | ||
| 260 | _c2007 | ||
| 300 | _a1395 p | ||
| 650 | _aEngineering | ||
| 942 | _cBK | ||
| 999 |
_c33219 _d33219 |
||